Exploring taste formation and performance in the illicit trade of human remains on Instagram
The Digital Age has greatly expanded the scope of the illicit trade of art and antiquities - including human remains from archaeological and other contexts. From the Dark Web to social media platforms, the online world has become a marketplace fostering the creation of new trade networks, exchanging...
| VerfasserInnen: | ; ; |
|---|---|
| Medienart: | Druck Aufsatz |
| Sprache: | Englisch |
| Veröffentlicht: |
2021
|
| In: |
Crime and art
Jahr: 2021, Seiten: 29-44 |
| Verfügbarkeit prüfen: | HBZ Gateway |
| Schlagwörter: |
Handel
> Illegalität
> Menschlicher Überrest
> Internet
> Social Media
> Instagram
> Ästhetik
> Bild
|
MARC
| LEADER | 00000caa a2200000 c 4500 | ||
|---|---|---|---|
| 001 | 1940170338 | ||
| 003 | DE-627 | ||
| 005 | 20260130134924.0 | ||
| 007 | tu | ||
| 008 | 251104s2021 xx ||||| 00| ||eng c | ||
| 020 | |a 9783030848569 | ||
| 035 | |a (DE-627)1940170338 | ||
| 035 | |a (DE-599)KXP1940170338 | ||
| 040 | |a DE-627 |b ger |c DE-627 |e rda | ||
| 041 | |a eng | ||
| 084 | |a 2,1 |2 ssgn | ||
| 100 | 1 | |a Davidson, Katherine |e VerfasserIn |4 aut | |
| 245 | 1 | 0 | |a Exploring taste formation and performance in the illicit trade of human remains on Instagram |c Katherine Davidson, Shawn Graham, and Damien Huffer |
| 264 | 1 | |c 2021 | |
| 300 | |b Illustrationen | ||
| 336 | |a Text |b txt |2 rdacontent | ||
| 337 | |a ohne Hilfsmittel zu benutzen |b n |2 rdamedia | ||
| 338 | |a Band |b nc |2 rdacarrier | ||
| 500 | |a Literaturverzeichnis: Seite 42-44 | ||
| 520 | |a The Digital Age has greatly expanded the scope of the illicit trade of art and antiquities - including human remains from archaeological and other contexts. From the Dark Web to social media platforms, the online world has become a marketplace fostering the creation of new trade networks, exchanging objects as well as ideas. Vendors on social media continue to benefit from the legal grey area and lack of enforcement around trading human remains, posting images of their objects for sale and leaving the responsibility for adhering to state laws to the buyer. As an image-based social network, Instagram is one such space where the exchange of ideas and the creation of ‘taste’ - through image content, composition and hashtags - are evident through visual and metadata trends. This chapter explores an approach to measuring the visual similarity of posts within the illicit trade of human remains on Instagram, along with the textual content of those posts, towards a way of tracking the development and evolution of taste formation in this trade. We employ a ‘distant viewing’ approach using machine vision to trace influence within illicit trade networks on Instagram to witness the development of taste and the expansion of the market. | ||
| 689 | 0 | 0 | |d s |0 (DE-588)4023222-0 |0 (DE-627)106304852 |0 (DE-576)208948155 |a Handel |2 gnd |
| 689 | 0 | 1 | |d s |0 (DE-588)4288473-1 |0 (DE-627)104281529 |0 (DE-576)210823194 |a Illegalität |2 gnd |
| 689 | 0 | 2 | |d s |0 (DE-588)7619711-6 |0 (DE-627)573411778 |0 (DE-576)284432776 |a Menschlicher Überrest |2 gnd |
| 689 | 0 | 3 | |d s |0 (DE-588)4308416-3 |0 (DE-627)123816106 |0 (DE-576)211106267 |a Internet |2 gnd |
| 689 | 0 | 4 | |d s |0 (DE-588)4639271-3 |0 (DE-627)330421344 |0 (DE-576)214542661 |a Social Media |2 gnd |
| 689 | 0 | 5 | |d s |0 (DE-588)1064778283 |0 (DE-627)814784550 |0 (DE-576)424146053 |a Instagram |2 gnd |
| 689 | 0 | 6 | |d s |0 (DE-588)4000626-8 |0 (DE-627)106400541 |0 (DE-576)208838821 |a Ästhetik |2 gnd |
| 689 | 0 | 7 | |d s |0 (DE-588)4006568-6 |0 (DE-627)106376977 |0 (DE-576)208866256 |a Bild |2 gnd |
| 689 | 0 | |5 (DE-627) | |
| 700 | 1 | |a Graham, Shawn |e VerfasserIn |0 (DE-588)1216269335 |0 (DE-627)1727526023 |4 aut | |
| 700 | 1 | |a Huffer, Damien |e VerfasserIn |0 (DE-588)1315519046 |0 (DE-627)1877629502 |4 aut | |
| 773 | 0 | 8 | |i Enthalten in |t Crime and art |d Cham, Switzerland : Springer, 2021 |g (2021), Seite 29-44 |h x, 284 Seiten |w (DE-627)1787164640 |z 9783030848552 |z 9783030848569 |7 nnam |
| 773 | 1 | 8 | |g year:2021 |g pages:29-44 |
| 776 | 1 | |o 10.1007/978-3-030-84856-9_3 | |
| 951 | |a AR | ||
| ELC | |b 1 | ||
| LOK | |0 000 xxxxxcx a22 zn 4500 | ||
| LOK | |0 001 479611114X | ||
| LOK | |0 003 DE-627 | ||
| LOK | |0 004 1940170338 | ||
| LOK | |0 005 20251104132934 | ||
| LOK | |0 008 251104||||||||||||||||ger||||||| | ||
| LOK | |0 040 |a DE-2619 |c DE-627 |d DE-2619 | ||
| LOK | |0 092 |o n | ||
| LOK | |0 852 |a DE-2619 | ||
| LOK | |0 852 1 |9 00 | ||
| LOK | |0 939 |a 04-11-25 |b l01 | ||
| ORI | |a SA-MARC-krimdoka001.raw | ||
